تقرير عن المالية والادارة والحالة العمومية في مصر والسودان سنة 1910 / Taqrīr ʻan al-mālīyah wa-al-idārah wa-al-ḥālah al-ʻumūmīyah fī Miṣr wa-al-Sūdān sanat 1910

محفوظ في:

المؤلف الرئيسي: marfūʻ min al-Vīkūnt Kitshinir ilá Idward Jrāy..

التنسيق: كتاب

اللغة: Undetermined

منشور في: Cairo not identified 1911

الوسوم: إضافة وسم

لا توجد وسوم, كن أول من يضع وسما على هذه التسجيلة!

رقم الطلب: N33 SUDA

LEADER 00598nam a2200121Ia 4500
008 240404s9999||||xx |||||||||||||| ||und||
050 4 |a N33 SUDA 
100 1 |a marfūʻ min al-Vīkūnt Kitshinir ilá Idward Jrāy.. 
245 1 0 |a تقرير عن المالية والادارة والحالة العمومية في مصر والسودان سنة 1910 / Taqrīr ʻan al-mālīyah wa-al-idārah wa-al-ḥālah al-ʻumūmīyah fī Miṣr wa-al-Sūdān sanat 1910   |c marfūʻ min al-Vīkūnt Kitshinir ilá Idward Jrāy. 
264 1 |a Cairo  |b not identified  |c 1911 
300 |a 360  |c 24 
942 |2 lcc  |c BK 
999 |c 57927  |d 57927